000 00283nam a22001337a 4500
008 170531b xxu||||| |||| 00| 0 eng d
020 _a9780553587418
041 _aeng
080 _a94
100 _a17
101 _aSHH
245 _aNATURAL HISTORY
_cROBSON.J
942 _2udc
_cBK
999 _c15151
_d15151